Dans quel roman d'Agatha Christie apparaissent-ils ? (1) - Statistiques

Statistiques générales
  • Ce quiz a été pris 41 fois
  • Le résultat moyen est 12 sur 60
Statistiques - réponses
Hint Réponse % Correct
Lawrence John Wargrave Dix petits nègres (Ils était dix)
62%
Philip Blake Cinq petits cochons
43%
Louise Bourget Mort sur le Nil
43%
Judith Hastings Hercule Poirot quitte la scène
38%
Carlotta Adams Le couteau sur la nuque
38%
Maureen Summerhayes Mrs McGinty est morte
38%
Emily Inglethorp La mystérieuse affaire de Styles
33%
Miss Meredith Cartes sur table
29%
Michael Seton La maison du péril
29%
Magdala Buckley La maison du péril
29%
Ann Shapland Le chat et les pigeons
29%
Achille Poirot Les Quatre
29%
Zena Christow Le Vallon
29%
Iris Marie Meurtre au champagne
29%
Franz Ascher A.B.C. contre Poirot
24%
Ethel Rogers Dix petits nègres (Ils était dix)
24%
Sophia Leonides La maison biscornue
24%
Norman Gale La mort dans les nuages
24%
Eleanor Vansittart Le chat et les pigeons
24%
Tim Kendal Le major parlait trop
24%
Helen Abernethie Les indiscrétions d'Hercule Poirot
24%
Arlena Marshall Les vacances d'Hercule Poirot
24%
Ruth Kettering Le train bleu
24%
Elspeth McGillicuddy Le train de 16h50
24%
Henry Angkatell Le Vallon
24%
Lady Frances Derwent Pourquoi pas Evans ?
24%
Wonky Pooh Un meurtre est-il facile ?
24%
Lavinia Pinkerton Un meurtre est-il facile ?
24%
Rudi Scherz Un meurtre sera commis le...
24%
Joseph Trevelyan Cinq heures vingt-cinq
19%
Gina Hudd Jeux de glace
19%
Armand Dupont La mort dans les nuages
19%
Bella Taïnos Témoin muet
19%
Helen Montressor Un, deux, trois...
19%
Adele Fortescue Une poignée de seigle
19%
Rowley Cloade Le flux et le reflux
14%
Marina Gregg Le miroir se brisa
14%
David Lee Le Noël d'Hercule Poirot
14%
Michael Obolovitch Le secret de Chimneys
14%
Claud Darrell Les Quatre
14%
Amy Leatheran Meurtre en Mésopotamie
14%
Michael Rafiel Némésis
14%
Mona Symmington La plume empoisonnée
10%
Greta Ohlsson Le crime de l'Orient express
10%
Caroline Hubbard Le crime de l'Orient express
10%
Eustache Pedler L'homme au complet marron
10%
Jean Tomlinson Pension Vanilos
10%
Alex Legge Poirot joue le jeu
10%
Rex de Donaldson Témoin muet
10%
Laura Welman Je ne suis pas coupable
5%
Leonard Clement L'affaire Protheroe
5%
Magda West La maison biscornue
5%
Andrew Lippincott La nuit qui ne finit pas
5%
Sybil Stalfordis Le cheval pâle
5%
Clotilde Bradbury-Scott Némésis
5%
Karl von Deinim N ou M ?
5%
Ahmed Ali Pension Vanilos
5%
Mary Dove Une poignée de seigle
5%
Mrs Packard Mon petit doigt m'a dit
0%
Mme Buckle Une mémoire d'éléphant
0%
Aucun quiz correspondant
Distribution des résultats
% des personnes avec chaque résultat
Percentile par nombre de réponses
Votre historique - résultats
Vous n’avez pas pris ce quiz